000 00260nam a2200097Ia 4500
001 641648
005 20250826153511.0
008 250824s9999 xx 000 0 und d
245 0 _aOLIVER TWİST GENÇLİK KLASİKLERİ
_cCHARLES DİCKENS
260 _bTİMAŞ ÇOCUK
999 _c641648
_d641648